Statistics for Family Guy Quiz 2

Click here to take the quiz!

General Stats

  • This quiz has been taken 3,268 times
    (3,267 since last reset)
  • The average score is 4 of 9

Answer Stats

Hint Answer % Correct
Bird is theword
97%
Quagmire and _______ Don't get along.Brian
84%
Stewie refers to the doctor as the man in....white
70%
Who killed Diane Simmons?Stewie
70%
What does Peter wear that makes him think he can speak Italian?Mustache
53%
What is Quagmires Cat's Name?James
27%
Finish this sentence: Land of the free home of the...wopper
25%
Stewie's song towards Joe and Bonnie's Baby.Suzie
12%
Who accidentaly created the Chicken?Dr. Hartman
11%

Score Distribution

Percentile by Number Answered

Percent of People with Each Score

Your Score History

You have not taken this quiz since the last reset